[Event "WY U-16 Chess Olympiad 2019"]
[Site "Corum"]
[Date "2019.11.04"]
[Round "8"]
[White "Sade, Defne"]
[Black "Mihailova, Alina"]
[Result "1-0"]
[WhiteElo "1952"]
[BlackElo "1770"]
[Annotator "NA RC"]
[PlyCount "59"]
[EventDate "2019.10.28"]
[EventType "team-tourn"]
[EventCountry "TUR"]
[SourceTitle "playchess.com"]
[Source "ChessBase"]
[SourceQuality "1"]

1. e4 e5 2. Nf3 Nc6 3. Bb5 a6 4. Ba4 g6 5. d4 b5 6. Bb3 exd4 7. Bg5 Be7 8. Bxe7 Ngxe7 9. Nxd4 Na5 10. Nf3 O-O 11. O-O Bb7 12. Re1 d6 13. c3 c5 14. Nbd2 c4 15. Bc2 Nac6 16. Nf1 d5 17. e5 Qb6 18. Ne3 Rad8 19. Ng4 h5 20. Nf6+ Kg7 21. Qd2 Rh8 22. Qg5 Bc8 23. Rad1 Be6 24. Nd4 Nxd4 25. Rxd4 Kf8 26. Rh4 b4 27. g4 Ng8 28. gxh5 gxh5 29. Nh7+ Rxh7 30. Bxh7 1-0

[Event "WY U-16 Chess Olympiad 2019"]
[Site "Corum"]
[Date "2019.11.04"]
[Round "8"]
[White "Deng Jing Xin Crystal"]
[Black "Garayev, Sadig"]
[Result "1-0"]
[WhiteElo "1944"]
[BlackElo "1723"]
[Annotator "NA RC"]
[PlyCount "67"]
[EventDate "2019.10.28"]
[EventType "team-tourn"]
[EventCountry "TUR"]
[SourceTitle "playchess.com"]
[Source "ChessBase"]
[SourceQuality "1"]

1. d4 Nf6 2. c4 g6 3. Nc3 d5 4. cxd5 Nxd5 5. Bd2 Bg7 6. e4 Nxc3 7. Bxc3 O-O 8. Qd2 b6 9. Bc4 Bb7 10. f3 e6 11. Ne2 Nd7 12. O-O a6 13. Rfd1 Qb8 14. Rac1 Rd8 15. b4 Qa7 16. Bb3 Rac8 17. Kh1 Qa8 18. Qf4 Qb8 19. h3 c6 20. Qe3 Qd6 21. a3 Qe7 22. Qf4 e5 23. dxe5 Nxe5 24. Qe3 c5 25. bxc5 Rxd1+ 26. Rxd1 bxc5 27. f4 Nd7 28. Bxg7 Kxg7 29. e5 c4 30. Bc2 Qc5 31. Nd4 Nf8 32. Qg3 Re8 33. Qg5 Qe7 34. Nf5+ 1-0

[Event "WY U-16 Chess Olympiad 2019"]
[Site "Corum"]
[Date "2019.11.04"]
[Round "8"]
[White "Veljanoski, Andrej"]
[Black "Halynyazow, Vepaly"]
[Result "1-0"]
[WhiteElo "1936"]
[BlackElo "1903"]
[Annotator "NA RC"]
[PlyCount "111"]
[EventDate "2019.10.28"]
[EventType "team-tourn"]
[EventCountry "TUR"]
[SourceTitle "playchess.com"]
[Source "ChessBase"]
[SourceQuality "1"]

1. e4 c5 2. Nf3 Nc6 3. d4 cxd4 4. Nxd4 Nf6 5. Nc3 g6 6. Nxc6 bxc6 7. e5 Ng8 8. Bc4 Bg7 9. Qf3 e6 10. Bf4 Nh6 11. Ne4 O-O 12. O-O Nf5 13. Bg5 Qb6 14. Nf6+ Bxf6 15. Bxf6 d5 16. exd6 Nxd6 17. Qf4 e5 18. Qc1 Bb7 19. Bd3 e4 20. Be2 Rfe8 21. Qf4 c5 22. Bg4 Nf5 23. Be5 Ng7 24. Rad1 Bc8 25. Rd6 Qc7 26. Bxc8 Raxc8 27. Qf6 Rxe5 28. Qxe5 Nf5 29. Rd5 Qc6 30. Rfd1 Nd4 31. Rd6 Qa4 32. Qxe4 Re8 33. Qd3 Qa5 34. c3 Qc7 35. Ra6 Ne2+ 36. Kh1 Nf4 37. Qd6 Qb7 38. Qc6 Qxc6 39. Rxc6 Re2 40. h3 Rxf2 41. Rxc5 Rxb2 42. Rf1 Ne2 43. Rf3 f5 44. Rc7 f4 45. Rd3 Rb8 46. Kh2 Ng3 47. c4 h5 48. Rd1 g5 49. c5 g4 50. c6 Ne4 51. Rb7 g3+ 52. Kg1 Rf8 53. c7 f3 54. gxf3 Ng5 55. Rd8 Nxf3+ 56. Kh1 1-0

[Event "WY U-16 Chess Olympiad 2019"]
[Site "Corum"]
[Date "2019.11.04"]
[Round "8"]
[White "Kara, Gulce Nehir"]
[Black "Stefansson, Vignir Vatnar"]
[Result "0-1"]
[WhiteElo "1925"]
[BlackElo "2327"]
[Annotator "TA"]
[PlyCount "68"]
[EventDate "2019.10.28"]
[EventType "team-tourn"]
[EventCountry "TUR"]
[SourceTitle "playchess.com"]
[Source "ChessBase"]
[SourceQuality "1"]

1. d4 Nf6 2. Nf3 c5 3. c3 d5 4. Bf4 Nc6 5. e3 Qb6 6. Qc1 Bf5 7. Nh4 Be4 8. Nd2 e6 9. f3 Bg6 10. Nb3 Nd7 11. Nxg6 hxg6 12. Qd2 Rd8 13. Be2 Be7 14. O-O O-O 15. Bg3 e5 16. Bf2 a5 17. Rad1 a4 18. Nc1 Bf6 19. f4 e4 20. g4 Be7 21. h4 Na5 22. Kg2 Qe6 23. g5 Nb6 24. Rh1 Nac4 25. Bxc4 Qg4+ 26. Kh2 Nxc4 27. Qc2 cxd4 28. Rdg1 Qf3 29. exd4 Bd6 30. Bg3 Bxf4 31. Bxf4 Qxf4+ 32. Kh3 f5 33. Qe2 Nd2 34. Rd1 Nf3 0-1

[Event "WY U-16 Chess Olympiad 2019"]
[Site "Corum"]
[Date "2019.11.04"]
[Round "8"]
[White "Nanayakkara, J A K Saranath"]
[Black "Claassen, Jean-Daniel"]
[Result "1-0"]
[WhiteElo "1924"]
[BlackElo "1573"]
[Annotator "NA"]
[PlyCount "61"]
[EventDate "2019.10.28"]
[EventType "team-tourn"]
[EventCountry "TUR"]
[SourceTitle "playchess.com"]
[Source "ChessBase"]
[SourceQuality "1"]

1. d4 Nf6 2. Nf3 c5 3. c3 cxd4 4. cxd4 g6 5. Nc3 Nc6 6. Bg5 Bg7 7. e4 Qa5 8. Bd2 Qb6 9. e5 Ng4 10. h3 Nh6 11. Nd5 Qd8 12. Qc1 Nf5 13. g4 Nfxd4 14. Nxd4 Nxd4 15. Nc7+ Kf8 16. Nxa8 Nf3+ 17. Kd1 Nxd2 18. Qxd2 Bxe5 19. f4 Bb8 20. Rc1 Kg7 21. Nc7 d5 22. Nxd5 e6 23. Qd4+ f6 24. Rxc8 Qxc8 25. Qxf6+ Kh6 26. g5+ Kh5 27. Be2+ Kh4 28. Qd4 Kg3 29. Rg1+ Kxh3 30. Qe3+ Kh2 31. Qg3# 1-0

[Event "WY U-16 Chess Olympiad 2019"]
[Site "Corum"]
[Date "2019.11.04"]
[Round "8"]
[White "Baranciuc, Alexandr"]
[Black "Kizilkus, Akin"]
[Result "1/2-1/2"]
[WhiteElo "1923"]
[BlackElo "2381"]
[Annotator "RC"]
[PlyCount "139"]
[EventDate "2019.10.28"]
[EventType "team-tourn"]
[EventCountry "TUR"]
[SourceTitle "playchess.com"]
[Source "ChessBase"]
[SourceQuality "1"]

1. e4 e5 2. Nf3 Nc6 3. Bc4 Bc5 4. c3 Nf6 5. d3 O-O 6. O-O d5 7. exd5 Nxd5 8. Nbd2 Bg4 9. Ne4 Be7 10. h3 Bh5 11. Re1 Nb6 12. Bb5 f6 13. Bxc6 bxc6 14. Ng3 Bxf3 15. Qxf3 Qd5 16. Qg4 g6 17. Nf5 Bd8 18. Bh6 Re8 19. Ng7 Re7 20. Nf5 Rd7 21. Be3 Kh8 22. Ng3 f5 23. Qb4 Be7 24. Qb3 Bf6 25. Rad1 Qxb3 26. axb3 Nd5 27. Bc5 Nf4 28. d4 exd4 29. cxd4 a5 30. Ne2 Ne6 31. Rc1 Rb8 32. Ba7 Rb7 33. Rxc6 Rd6 34. Rxd6 cxd6 35. d5 Nc7 36. Bd4 Nxd5 37. Bxf6+ Nxf6 38. Nd4 Rb4 39. Rd1 d5 40. Rd3 Kg7 41. Nc6 Rb5 42. Nd4 Rb6 43. f3 Kf7 44. Rc3 Rb4 45. Nc6 Rb5 46. Nd4 Rb6 47. Rc7+ Ke8 48. Rc6 Rxc6 49. Nxc6 Kd7 50. Nxa5 Kc7 51. Kf2 Kb6 52. b4 Kb5 53. Ke3 Kxb4 54. Nc6+ Kc5 55. Nd4 Kc4 56. Ne6 d4+ 57. Kd2 Nd7 58. b3+ Kd5 59. Nf4+ Ke5 60. Nd3+ Kd6 61. g3 Nf6 62. Ke2 Nd5 63. Nf4 Nb4 64. Kd2 g5 65. Nd3 Nd5 66. g4 Ne3 67. Nf2 fxg4 68. hxg4 h6 69. Kd3 Kd5 70. Kd2 1/2-1/2

[Event "WY U-16 Chess Olympiad 2019"]
[Site "Corum"]
[Date "2019.11.04"]
[Round "8"]
[White "Anacoglu, Cisel"]
[Black "Briem, Benedikt"]
[Result "1/2-1/2"]
[WhiteElo "1918"]
[BlackElo "1816"]
[Annotator "NA RC"]
[PlyCount "101"]
[EventDate "2019.10.28"]
[EventType "team-tourn"]
[EventCountry "TUR"]
[SourceTitle "playchess.com"]
[Source "ChessBase"]
[SourceQuality "1"]

1. e4 e6 2. d4 d5 3. Nd2 c5 4. exd5 Qxd5 5. Ngf3 cxd4 6. Bc4 Qd8 7. O-O Nc6 8. Nb3 a6 9. Nbxd4 Nxd4 10. Nxd4 Qc7 11. Qe2 Bd6 12. g3 Ne7 13. c3 O-O 14. Bg5 Ng6 15. Bd3 b5 16. Be4 Rb8 17. h4 Bb7 18. h5 Ne5 19. f4 Nc4 20. Bxb7 Rxb7 21. h6 g6 22. Nf3 Qb6+ 23. Kh2 Qe3 24. Qc2 Qc5 25. Qe2 Rd7 26. b4 Qe3 27. Qc2 Qb6 28. Qe2 Rc7 29. Rfe1 Rfc8 30. Bf6 Bf8 31. Bd4 Qd6 32. Rad1 Qe7 33. Ne5 Bxh6 34. Nxc4 Rxc4 35. Qe5 f6 36. Qxe6+ Qxe6 37. Rxe6 R4c6 38. Rxf6 Bg7 39. Rxc6 Rxc6 40. Bxg7 Kxg7 41. Rd3 Kf6 42. Kg2 Kf5 43. Kf3 h5 44. Re3 Kf6 45. Rd3 Ke6 46. g4 hxg4+ 47. Kxg4 Kf6 48. Kf3 Ke6 49. Kg4 Kf6 50. Kf3 Ke6 51. Ke4 1/2-1/2

[Event "WY U-16 Chess Olympiad 2019"]
[Site "Corum"]
[Date "2019.11.04"]
[Round "8"]
[White "Singh, Eshwant"]
[Black "Abdikani Nor, Mohamed"]
[Result "1-0"]
[WhiteElo "1910"]
[BlackElo "1518"]
[Annotator "NA"]
[PlyCount "61"]
[EventDate "2019.10.28"]
[EventType "team-tourn"]
[EventCountry "TUR"]
[SourceTitle "playchess.com"]
[Source "ChessBase"]
[SourceQuality "1"]

1. d4 Nf6 2. c4 d5 3. Nf3 g6 4. g3 Bg7 5. Bg2 O-O 6. O-O c6 7. cxd5 cxd5 8. Ne5 Nbd7 9. Nc3 e6 10. f4 a6 11. a4 b6 12. b4 Bb7 13. Ba3 Re8 14. b5 Nxe5 15. fxe5 Ne4 16. Bxe4 dxe4 17. bxa6 Rxa6 18. Nb5 Bf8 19. Bd6 e3 20. Nc7 Bxd6 21. exd6 Ra5 22. Nxe8 Qxe8 23. Qc2 Qa8 24. Qc7 f5 25. d7 Rd5 26. Rab1 Rxd7 27. Qxd7 Bh1 28. Qxe6+ Kg7 29. d5 Bxd5 30. Qe5+ Kh6 31. Qxe3+ 1-0

[Event "WY U-16 Chess Olympiad 2019"]
[Site "Corum"]
[Date "2019.11.04"]
[Round "8"]
[White "Mirlan uulu, Syimyk"]
[Black "Mekarapiruk, Chawit"]
[Result "1/2-1/2"]
[WhiteElo "1899"]
[BlackElo "1657"]
[Annotator "NA RC"]
[PlyCount "69"]
[EventDate "2019.10.28"]
[EventType "team-tourn"]
[EventCountry "TUR"]
[SourceTitle "playchess.com"]
[Source "ChessBase"]
[SourceQuality "1"]

1. e4 e5 2. Nf3 Nc6 3. Bc4 Bc5 4. c3 d6 5. d4 exd4 6. cxd4 Bb6 7. h3 Nf6 8. Nc3 Nxe4 9. Bxf7+ Kxf7 10. Nxe4 d5 11. Neg5+ Kg8 12. Ne5 Nxe5 13. dxe5 Ba5+ 14. Kf1 h6 15. Nf3 Be6 16. Nd4 Qd7 17. f4 Bb6 18. Be3 Bxd4 19. Qxd4 Kh7 20. g4 g6 21. Kg2 Rhf8 22. Rhc1 h5 23. Qd3 hxg4 24. hxg4 Bxg4 25. Rh1+ Kg7 26. e6 Qxe6 27. Bd4+ Kf7 28. Rh7+ Ke8 29. Re1 Qxe1 30. Qxg6+ Kd8 31. Bf6+ Kc8 32. Qxg4+ Kb8 33. Qg7 Qe2+ 34. Kg3 Qe3+ 35. Kg2 1/2-1/2

[Event "WY U-16 Chess Olympiad 2019"]
[Site "Corum"]
[Date "2019.11.04"]
[Round "8"]
[White "Kenbeilov, Timur"]
[Black "Hatirli, Ugur Can"]
[Result "1-0"]
[WhiteElo "1844"]
[BlackElo "1852"]
[Annotator "NA"]
[PlyCount "75"]
[EventDate "2019.10.28"]
[EventType "team-tourn"]
[EventCountry "TUR"]
[SourceTitle "playchess.com"]
[Source "ChessBase"]
[SourceQuality "1"]

1. d4 Nf6 2. c4 e6 3. g3 d5 4. Bg2 c6 5. Nf3 Nbd7 6. Nbd2 Be7 7. O-O O-O 8. Qc2 dxc4 9. Nxc4 Nb6 10. Rd1 Nfd5 11. e4 Nb4 12. Qe2 Nxc4 13. Qxc4 b5 14. Qc3 Bb7 15. a3 Na6 16. Be3 Rc8 17. b4 Bf6 18. Ne5 Nb8 19. Rac1 a5 20. Nd3 Nd7 21. e5 Be7 22. bxa5 Ra8 23. Bd2 Qb8 24. Nb4 c5 25. Nc6 Bxc6 26. Bxc6 cxd4 27. Qxd4 Nxe5 28. Bxa8 Rd8 29. Qe4 Nd3 30. Bf4 Nxf4 31. Rxd8+ Qxd8 32. gxf4 Bxa3 33. Rb1 Bc5 34. a6 Qd2 35. Rf1 b4 36. Qc4 Bf8 37. Bc6 b3 38. a7 1-0

[Event "WY U-16 Chess Olympiad 2019"]
[Site "Corum"]
[Date "2019.11.04"]
[Round "8"]
[White "Hairul, Muhd Ilhan Mansiz"]
[Black "Gombocz, Ferenc Jr."]
[Result "0-1"]
[WhiteElo "1832"]
[BlackElo "2200"]
[Annotator "ChessBase"]
[PlyCount "80"]
[EventDate "2019.10.28"]
[EventType "team-tourn"]
[EventCountry "TUR"]
[SourceTitle "playchess.com"]
[Source "ChessBase"]
[SourceQuality "1"]

1. d4 d5 2. c4 c6 3. e3 Nf6 4. Nc3 a6 5. Nf3 Bf5 6. Bd2 e6 7. Qb3 Ra7 8. Nh4 Be4 9. Rc1 Be7 10. f3 dxc4 11. Bxc4 Bd5 12. g3 Bxc4 13. Qxc4 b5 14. Qe2 O-O 15. O-O Rd7 16. Rfd1 Qb6 17. Be1 c5 18. dxc5 Bxc5 19. Bf2 Rfd8 20. Ng2 Nc6 21. Rxd7 Rxd7 22. Rd1 Rxd1+ 23. Qxd1 Ne5 24. Qe2 h6 25. b3 Qc6 26. Ne1 Bb4 27. f4 Bxc3 28. fxe5 Bxe5 29. Nf3 Bc3 30. Be1 b4 31. Bxc3 bxc3 32. Nd4 Qe4 33. Nc2 Ng4 34. h3 Ne5 35. Ne1 Nf3+ 36. Kf2 Nxe1 37. Qxe1 Qc2+ 38. Kf3 Qb2 39. Qd1 c2 40. Qd8+ Kh7 0-1

[Event "WY U-16 Chess Olympiad 2019"]
[Site "Corum"]
[Date "2019.11.04"]
[Round "8"]
[White "Kwong, Wing Ki"]
[Black "Babazada, Khazar"]
[Result "0-1"]
[WhiteElo "1822"]
[BlackElo "2408"]
[Annotator "RC"]
[PlyCount "76"]
[EventDate "2019.10.28"]
[EventType "team-tourn"]
[EventCountry "TUR"]
[SourceTitle "playchess.com"]
[Source "ChessBase"]
[SourceQuality "1"]

1. d4 Nf6 2. c4 g6 3. Nc3 d5 4. Bg5 Ne4 5. Bf4 Nxc3 6. bxc3 Bg7 7. Nf3 O-O 8. e3 c5 9. Be2 Qa5 10. Qb3 cxd4 11. exd4 dxc4 12. Bxc4 Nc6 13. O-O Qf5 14. Bg3 Na5 15. Qb5 Nxc4 16. Qxc4 Be6 17. Qb4 Rac8 18. Ne5 f6 19. Nf3 Bd5 20. Rfe1 e6 21. Re3 Bh6 22. Ree1 Rc4 23. Qa5 Bxf3 24. Qxf5 gxf5 25. gxf3 f4 26. Bh4 Kf7 27. Rad1 Rd8 28. Re4 Rxc3 29. Rb1 b6 30. a4 Rd5 31. Rbe1 Rc6 32. Kg2 Rh5 33. Kh3 Bg5 34. d5 exd5 35. Re7+ Kg6 36. Rd7 Bxh4 37. Ree7 Bg3+ 38. Kg2 Rxh2+ 0-1

[Event "WY U-16 Chess Olympiad 2019"]
[Site "Corum"]
[Date "2019.11.04"]
[Round "8"]
[White "Pheephacharakan, Pinatpong"]
[Black "Aman Deepak Thadani"]
[Result "1-0"]
[WhiteElo "1785"]
[BlackElo "1627"]
[Annotator "NA"]
[PlyCount "57"]
[EventDate "2019.10.28"]
[EventType "team-tourn"]
[EventCountry "TUR"]
[SourceTitle "playchess.com"]
[Source "ChessBase"]
[SourceQuality "1"]

1. c4 Nf6 2. Nc3 g6 3. g3 Bg7 4. Bg2 c5 5. e4 Nc6 6. Nge2 d6 7. d3 O-O 8. h3 a6 9. Be3 Bd7 10. O-O Rb8 11. a4 Ne8 12. d4 cxd4 13. Nxd4 Nxd4 14. Bxd4 b5 15. cxb5 axb5 16. a5 Bxd4 17. Qxd4 Ra8 18. b4 Bc6 19. Rfc1 Qd7 20. Nd5 Bxd5 21. Qxd5 Nc7 22. Qb7 Rfc8 23. a6 Rab8 24. Qc6 Qe6 25. a7 Ra8 26. Qb7 Qd7 27. Kh2 Kg7 28. Rc6 Qd8 29. Rac1 1-0

[Event "WY U-16 Chess Olympiad 2019"]
[Site "Corum"]
[Date "2019.11.04"]
[Round "8"]
[White "Altundal, Arda"]
[Black "Iskakbaev, Ibraim"]
[Result "1/2-1/2"]
[WhiteElo "1776"]
[BlackElo "1741"]
[Annotator "NA"]
[PlyCount "31"]
[EventDate "2019.10.28"]
[EventType "team-tourn"]
[EventCountry "TUR"]
[SourceTitle "playchess.com"]
[Source "ChessBase"]
[SourceQuality "1"]

1. d4 Nf6 2. Nc3 d5 3. Bg5 g6 4. Qd2 Nc6 5. O-O-O Bg7 6. f3 e6 7. e4 h6 8. Bf4 a6 9. Be2 b6 10. Nh3 Bb7 11. Rhe1 Ne7 12. Be5 Qd7 13. g4 O-O-O 14. Qe3 Kb8 15. Nb1 Ka7 16. Qa3 1/2-1/2

[Event "WY U-16 Chess Olympiad 2019"]
[Site "Corum"]
[Date "2019.11.04"]
[Round "8"]
[White "Ameer, Dhafer Abdulameer"]
[Black "Slaba, Andrea"]
[Result "0-1"]
[WhiteElo "1770"]
[BlackElo "1907"]
[Annotator "NA RC"]
[PlyCount "108"]
[EventDate "2019.10.28"]
[EventType "team-tourn"]
[EventCountry "TUR"]
[SourceTitle "playchess.com"]
[Source "ChessBase"]
[SourceQuality "1"]

1. e4 e6 2. d4 d5 3. e5 c5 4. c3 Bd7 5. Nf3 Qb6 6. a3 Ne7 7. b4 cxd4 8. cxd4 Bb5 9. Bd3 a5 10. Bxb5+ Qxb5 11. Nc3 Qd7 12. b5 Nc8 13. O-O Be7 14. Qd3 Nb6 15. Nd2 O-O 16. f4 Rc8 17. Rf3 f5 18. exf6 Bxf6 19. Rh3 g6 20. Nf3 Qg7 21. Ne5 N8d7 22. Rg3 Nxe5 23. fxe5 Be7 24. Bg5 Bxg5 25. Rxg5 Rf8 26. Ne2 Rac8 27. Qg3 Qf7 28. h4 Kh8 29. Rg4 Nc4 30. Nf4 Nd2 31. Qe3 Ne4 32. Rf1 Qg7 33. h5 g5 34. Qh3 Qh6 35. Ne2 Rxf1+ 36. Kxf1 Qf8+ 37. Kg1 Qf2+ 38. Kh2 Qxe2 39. Rxe4 Qxe4 40. Qxe6 Rf8 41. Qe7 Qh4+ 42. Kg1 Qxd4+ 43. Kh2 Qf4+ 44. Kg1 Qf7 45. Qxg5 Qg7 46. Qh4 Qxe5 47. h6 Qf6 48. Qe1 Qxh6 49. Qe5+ Qg7 50. Qxd5 h6 51. a4 Rc8 52. b6 Re8 53. Qh5 Qa1+ 54. Kf2 Qe1+ 0-1

[Event "WY U-16 Chess Olympiad 2019"]
[Site "Corum"]
[Date "2019.11.04"]
[Round "8"]
[White "Foo, Jiu Weir Brien"]
[Black "Mohamed Ali S"]
[Result "1-0"]
[WhiteElo "1731"]
[BlackElo "1073"]
[Annotator "NA"]
[PlyCount "31"]
[EventDate "2019.10.28"]
[EventType "team-tourn"]
[EventCountry "TUR"]
[SourceTitle "playchess.com"]
[Source "ChessBase"]
[SourceQuality "1"]

1. e4 e5 2. Nf3 Nc6 3. d4 exd4 4. Bc4 Nf6 5. Ng5 d5 6. exd5 Nxd5 7. O-O Be7 8. Nxf7 Kxf7 9. Qf3+ Ke8 10. Bxd5 Rf8 11. Bxc6+ bxc6 12. Qxc6+ Bd7 13. Qc4 c5 14. Re1 h6 15. Qxc5 Qb6 16. Qxe7# 1-0

[Event "WY U-16 Chess Olympiad 2019"]
[Site "Corum"]
[Date "2019.11.04"]
[Round "8"]
[White "Felix, Ethon"]
[Black "Thenuwara, Rashmika"]
[Result "1-0"]
[WhiteElo "1675"]
[BlackElo "1507"]
[Annotator "NA RC"]
[PlyCount "129"]
[EventDate "2019.10.28"]
[EventType "team-tourn"]
[EventCountry "TUR"]
[SourceTitle "playchess.com"]
[Source "ChessBase"]
[SourceQuality "1"]

1. d4 d5 2. Bg5 c6 3. e3 Qb6 4. Qc1 Bf5 5. Nf3 h6 6. Bf4 Nf6 7. c4 Bxb1 8. Rxb1 e6 9. c5 Qd8 10. Bd3 Nh5 11. Be5 Nd7 12. O-O Nxe5 13. Nxe5 Be7 14. b4 a6 15. a4 O-O 16. Qc2 f5 17. f4 Nf6 18. b5 axb5 19. axb5 cxb5 20. Rxb5 Qc8 21. Rfb1 Ra7 22. Qb3 Nd7 23. Ng6 Re8 24. Bxf5 Bxc5 25. Bxe6+ Rxe6 26. Qxd5 Nf6 27. Rxc5 Nxd5 28. Rxc8+ Kf7 29. Ne5+ Ke7 30. Rg8 Kf6 31. Rf8+ Ke7 32. Rf7+ Kd8 33. Rc1 Re7 34. Rf8+ Re8 35. Rc8+ Kxc8 36. Rxe8+ Kc7 37. Rg8 Ra1+ 38. Kf2 Ra2+ 39. Kf3 Ra3 40. Rxg7+ Kc8 41. Nc4 Rb3 42. Ke4 Nc3+ 43. Kf5 b5 44. Nd6+ Kb8 45. e4 Ra3 46. d5 Ra6 47. Rg8+ Kc7 48. Rc8+ Kxd6 49. Rxc3 b4 50. Rc1 b3 51. Rb1 Rb6 52. g4 b2 53. g5 hxg5 54. fxg5 Ke7 55. e5 Kf7 56. h4 Rb3 57. h5 Rf3+ 58. Kg4 Rf2 59. g6+ Kg7 60. d6 Rd2 61. d7 Rxd7 62. Rxb2 Rd4+ 63. Kf5 Rd1 64. Rb7+ Kh6 65. Rh7# 1-0

[Event "WY U-16 Chess Olympiad 2019"]
[Site "Corum"]
[Date "2019.11.04"]
[Round "8"]
[White "Kiripitige, Chathula"]
[Black "Tantipura, Noppakorn"]
[Result "0-1"]
[WhiteElo "1665"]
[BlackElo "1851"]
[Annotator "NA RC"]
[PlyCount "126"]
[EventDate "2019.10.28"]
[EventType "team-tourn"]
[EventCountry "TUR"]
[SourceTitle "playchess.com"]
[Source "ChessBase"]
[SourceQuality "1"]

1. e4 e5 2. Nf3 Nc6 3. Bb5 a6 4. Ba4 Nf6 5. O-O Nxe4 6. Re1 Nc5 7. Bxc6 dxc6 8. Nxe5 Be7 9. d4 Ne6 10. c3 O-O 11. f4 g6 12. Qf3 Ng7 13. Nd2 Be6 14. Ne4 f6 15. Nd3 b6 16. b3 Qd7 17. Bb2 Nf5 18. Ndf2 Rae8 19. Rad1 Nd6 20. Rd3 f5 21. Nxd6 cxd6 22. Rde3 Bf6 23. Qe2 Bf7 24. Qd3 b5 25. Nd1 Bd5 26. Rxe8 Rxe8 27. Rxe8+ Qxe8 28. Qe3 Qe4 29. Qxe4 Bxe4 30. b4 h6 31. Bc1 Kf7 32. Kf2 g5 33. g3 Kg6 34. Be3 Bc2 35. Nb2 Kh5 36. h3 Bd8 37. a3 Bf6 38. Ke2 Bd8 39. Kf2 Kg6 40. Ke2 Kf6 41. Kf3 Ke6 42. Kf2 Kd5 43. Kf3 Bf6 44. Bd2 c5 45. dxc5 dxc5 46. Ke3 gxf4+ 47. gxf4 cxb4 48. axb4 Bd8 49. Be1 Bb6+ 50. Kf3 Ba7 51. Bd2 Be4+ 52. Ke2 Bb6 53. Be3 Bd8 54. Bf2 Bg2 55. h4 Ke4 56. Nd1 Bf3+ 57. Kd2 Bxd1 58. Kxd1 Kxf4 59. Ke2 Kg4 60. Be3 f4 61. Bd4 f3+ 62. Kf1 Bxh4 63. Kg1 h5 0-1

[Event "WY U-16 Chess Olympiad 2019"]
[Site "Corum"]
[Date "2019.11.04"]
[Round "8"]
[White "Chuemsakul, Sarocha"]
[Black "Watkins, Rachel Jane"]
[Result "1-0"]
[WhiteElo "1645"]
[BlackElo "1212"]
[Annotator "NA RC"]
[PlyCount "107"]
[EventDate "2019.10.28"]
[EventType "team-tourn"]
[EventCountry "TUR"]
[SourceTitle "playchess.com"]
[Source "ChessBase"]
[SourceQuality "1"]

1. d4 d5 2. c4 e6 3. g3 Nf6 4. Nf3 b6 5. cxd5 exd5 6. Bg2 Bb7 7. O-O Be7 8. Nc3 O-O 9. Nh4 Re8 10. Nf5 Bf8 11. Bg5 c6 12. Qc2 h6 13. Bf4 Bc8 14. Rac1 Bxf5 15. Qxf5 Bd6 16. Be5 Qe7 17. Bxf6 Qxf6 18. Qxf6 gxf6 19. e4 dxe4 20. Nxe4 Re6 21. d5 cxd5 22. Nxd6 Rxd6 23. Rc8+ Kg7 24. Re1 Re6 25. Rd1 Rc6 26. Rd8 a5 27. Bxd5 Ra7 28. Bxc6 Nxc6 29. R8d6 Ne5 30. Rxb6 Nc4 31. Rb5 Ne5 32. b3 a4 33. b4 Ng4 34. Ra5 Rc7 35. Rc5 Rb7 36. a3 Re7 37. h3 Ne5 38. Kg2 Re6 39. f4 Ng6 40. f5 Re2+ 41. Kf3 Ra2 42. fxg6 Rxa3+ 43. Kf4 Kxg6 44. Ra5 Kg7 45. b5 Rb3 46. Rd4 Kg6 47. Rdxa4 Kg7 48. h4 Kg6 49. Rc4 Rb2 50. g4 Rf2+ 51. Kg3 Rb2 52. h5+ Kg7 53. Rf4 Rb3+ 54. Kh4 1-0

[Event "WY U-16 Chess Olympiad 2019"]
[Site "Corum"]
[Date "2019.11.04"]
[Round "8"]
[White "Burbach, Brunel Baron"]
[Black "Onufrienko, Vladislav"]
[Result "0-1"]
[WhiteElo "1642"]
[BlackElo "1780"]
[Annotator "NA RC"]
[PlyCount "166"]
[EventDate "2019.10.28"]
[EventType "team-tourn"]
[EventCountry "TUR"]
[SourceTitle "playchess.com"]
[Source "ChessBase"]
[SourceQuality "1"]

1. e4 e6 2. Nf3 d5 3. e5 c5 4. b4 cxb4 5. a3 bxa3 6. d4 Nc6 7. c3 Bd7 8. Nxa3 a6 9. Bd3 b5 10. O-O Na5 11. Ng5 g6 12. Qf3 Nh6 13. Nc2 Nb3 14. Bf4 Nxa1 15. Rxa1 a5 16. Ne3 b4 17. Ng4 Nxg4 18. Nxf7 Kxf7 19. Bg5+ Kg7 20. Bxd8 Rxd8 21. Qxg4 a4 22. Qg5 Rb8 23. cxb4 Rxb4 24. Qf6+ Kg8 25. Qd8 Rb7 26. h4 Kf7 27. Qf6+ Kg8 28. Ba6 Ra7 29. Rb1 Be8 30. Qxe6+ Bf7 31. Qb6 Re7 32. Qa5 a3 33. Qxa3 Rxe5 34. Qf3 Rf5 35. Qg3 Kg7 36. Rb6 Be7 37. Bd3 Rf6 38. Rxf6 Bxf6 39. Qf4 Ra8 40. Bb5 Ra7 41. g3 Re7 42. Bd3 Rb7 43. h5 gxh5 44. Bxh7 Rb4 45. Bc2 Rxd4 46. Qf5 Rc4 47. Qh7+ Kf8 48. Bg6 Bg8 49. Qxh5 d4 50. Bh7 Be6 51. Bd3 Rc1+ 52. Kh2 Rc3 53. Qh6+ Ke7 54. Qg6 Rc8 55. Bf5 Rg8 56. Qh7+ Bf7 57. Qh3 Rh8 58. Bh7 Be6 59. Qh5 Bg8 60. Qc5+ Kf7 61. Qc7+ Kf8 62. Qc8+ Kg7 63. Qg4+ Kxh7 64. Kg1 Bf7 65. Qh3+ Kg7 66. Qg4+ Kf8 67. Qc8+ Be8 68. Qc5+ Kg7 69. Qc7+ Bf7 70. Qf4 Rd8 71. g4 Rd5 72. Qd2 d3 73. f4 Bg6 74. f5 Be8 75. Kg2 Bc6 76. Kh3 Bd7 77. Kg2 Rd4 78. Kh3 Rc4 79. Qf2 Rc3 80. Qd2 Rc2 81. Qd1 Ba4 82. Qf3 Bc6 83. Qe3 d2 0-1

[Event "WY U-16 Chess Olympiad 2019"]
[Site "Corum"]
[Date "2019.11.04"]
[Round "8"]
[White "Vithanage, I A"]
[Black "de Jager, Andreas"]
[Result "0-1"]
[WhiteElo "1600"]
[BlackElo "1728"]
[Annotator "NA"]
[PlyCount "118"]
[EventDate "2019.10.28"]
[EventType "team-tourn"]
[EventCountry "TUR"]
[SourceTitle "playchess.com"]
[Source "ChessBase"]
[SourceQuality "1"]

1. e4 c5 2. Nf3 Nc6 3. d4 cxd4 4. Nxd4 Nf6 5. Nc3 e5 6. Ndb5 d6 7. Bg5 a6 8. Na3 b5 9. Nd5 Be7 10. Bxf6 Bxf6 11. Nxf6+ gxf6 12. Qd5 Bb7 13. Rd1 Ke7 14. Be2 Qd7 15. Bh5 Raf8 16. Qd2 Rhg8 17. f3 Nd4 18. c3 Ne6 19. Nc2 Nf4 20. Bg4 Rxg4 21. fxg4 Bxe4 22. Ne3 Rg8 23. O-O Nxg2 24. Nxg2 Bxg2 25. Rf2 Bh3 26. Rf3 Bxg4 27. Rg3 Rg6 28. Re1 f5 29. Qf2 Ke6 30. b3 Qc6 31. Qe3 Qc5 32. Qxc5 dxc5 33. Kf2 e4 34. Rd3 Rh6 35. Kg2 Ke5 36. Rd7 Bf3+ 37. Kg3 f4+ 38. Kf2 Rxh2+ 39. Kf1 e3 40. Re7+ Kf6 41. R7xe3 fxe3 42. Rxe3 Bd5 43. Rd3 Be6 44. Rf3+ Ke7 45. a4 Bxb3 46. axb5 axb5 47. Rf5 Kd6 48. Rf6+ Be6 49. Rf3 Bc4+ 50. Kg1 Rg2+ 51. Kh1 Bd5 52. c4 Bxf3 53. cxb5 Rb2+ 54. Kg1 c4 55. b6 c3 56. b7 Bxb7 57. Kf1 Rg2 58. Ke1 c2 59. Kf1 c1=Q# 0-1